000 01296nam a2200385 c 4500
001 24526
003 ES-MaCES
005 20141221122920.0
008 120619s2012 sp l 000 | spa d
017 _aNA 698-2012
_bDL
020 _a9788447039388
035 _aCES20120004408m
040 _aES-MaCES
_bspa
_cES-MaCES
100 1 _aPérez Moreno, Salvador
_920816
245 1 0 _aJ.M. Keynes
_b: crecimiento económico y distribución de la renta
_cSalvador Pérez Moreno ; prólogo, Ramón Tamames ; epílogo, Antonio García Lizana
250 _a1ª ed
260 _aCizur Menor (Navarra)
_bAranzadi-Thomson Reuters
_c2012
300 _a154 p.
_c24 cm
504 _aBibliografía: p. 143-154
541 _cCompra
600 1 4 _aKeynes, John Maynard
_915772
650 4 _acrecimiento económico
_927094
650 4 _adistribución del ingreso
_927109
650 4 _adistribución del gasto
_930938
650 4 _agasto de consumo
_927905
650 4 _ainversión
_928141
650 4 _adoctrina económica
_927122
650 4 _ateoría económica
_927076
653 1 0 _aEconomía
700 1 _aTamames, Ramón
_ecol.
_924665
700 1 _aGarcía Lizana, Antonio
_ecol.
_912942
902 _aLIB Libro
942 _2CES
_cBK
_h0.0.
999 _c24526
_d24526